Statistics for Iowa Counties Quiz

Click here to take the quiz!

General Stats

  • This quiz has been taken 9,137 times
  • The average score is 50 of 99

Answers on the Map

Answers color-coded by a green-red scale on the quiz's map according to % correct below.
Loading ...
 

Answer Stats

Answer% Correct
Polk
86%
Iowa
78%
Des Moines
77%
Johnson
77%
Washington
76%
Madison
72%
Jefferson
72%
Dubuque
71%
Jackson
71%
Sioux
71%
Adams
69%
Story
64%
Black Hawk
63%
Clinton
62%
Cedar
62%
Monroe
62%
Clay
61%
Franklin
60%
Lee
59%
Jasper
59%
Linn
58%
Pottawattamie
58%
Boone
58%
Dallas
58%
Hamilton
58%
Scott
57%
Warren
56%
Greene
56%
Marshall
55%
Harrison
55%
Taylor
54%
Adair
54%
Van Buren
53%
Cerro Gordo
53%
Marion
53%
Buchanan
53%
Jones
53%
Benton
52%
Tama
52%
Keokuk
52%
Webster
51%
Muscatine
51%
Carroll
50%
Henry
50%
Allamakee
50%
Poweshiek
49%
Calhoun
48%
Union
48%
Fayette
48%
Sac
47%
Woodbury
47%
Winneshiek
47%
Grundy
47%
Kossuth
47%
Cass
47%
Wayne
46%
Hardin
46%
Hancock
46%
Ida
46%
Winnebago
46%
Davis
46%
Cherokee
46%
Delaware
45%
Buena Vista
45%
Lyon
45%
Clayton
45%
Clarke
45%
Pocahontas
44%
Shelby
44%
Palo Alto
43%
Bremer
43%
Butler
43%
Montgomery
42%
Decatur
42%
Howard
42%
Louisa
42%
Guthrie
41%
Osceola
41%
Crawford
41%
Worth
41%
Appanoose
40%
Wright
40%
Plymouth
40%
Dickinson
40%
Floyd
40%
Ringgold
39%
Emmet
39%
Chickasaw
39%
Mahaska
39%
Mills
39%
Wapello
39%
Audubon
39%
Humboldt
38%
O'Brien
38%
Mitchell
38%
Monona
37%
Lucas
37%
Fremont
37%
Page
36%

Score Distribution

Percentile by Number Answered

Percent of People with Each Score

Your Score History

You have not taken this quiz